England A-Z - Statistiken

Allgemein
  • Dieses Quiz wurde 314 mal gespielt
    268 seit der letzten Aktualisierung
  • Das Durchschnittsergebnis liegt bei 14 aus 26
Antwortstatistiken
# Hinweis Antwort % Korrekt
E Königin Elisabeth II
95%
L Hauptstadt London
95%
F Nächstes kontinentaleuropäisches Land Frankreich
88%
Q Freddie Mercurys band Queen
86%
T Nationalgetränk Tee
82%
V Königin 1837-1901 Victoria
79%
B Zweitgrößte Stadt Birmingham
77%
X Älteste Universität Enthält ein X Oxford
72%
R Starr der Beatles Ringo
70%
Z Englische Rockband Led {Zeppelin}
69%
A Germanisches Volk das in der Völkerwanderungszeit nach England zog Angeln | Angelsachsen
59%
H Tudor-König Heinrich VIII
58%
D Haus des Premierministers Downing Street 10
56%
G Schutzpatron hl. Georg
55%
P Verbündeter im Siebenjährigen Krieg Preußen | Portugal
53%
W Erster rollonidischer König Englands Wilhelm der Eroberer
40%
Y Vertrag der 1237 die Grenzen von England und Schottland festlegte Vertrag von {York}
39%
J Offizielle Bibel der Anglikanischen Kirche King-{James}-Bibel
35%
O Lordprotektor des Commonwealth of England 1653-1658 Oliver Cromwell
33%
U Beliebte Sportart Rugby-{Union}
30%
K Alter deutscher Name von Cornwall Kornwales
28%
S Flotte die 1588 bei einer versuchten invasions Englands vernichtet wurde Spanische Armada
27%
C Grafschaft nordöstlich von Wales Cheshire
12%
N Angelsächsisches Königreich im Nordosten Northumbria
11%
I Grafschaft südlich von Hampshire Isle of Wight
7%
M Angelsächsisches Königreich in Zentralengland Mercia
3%
Keine übereinstimmenden Quizze gefunden
Verteilung der Resultate
Anzahl Personen mit jedem Resultat
Perzentil nach korrekt beantworteten Fragen
Ihre Resultats-Entwicklung
Sie haben dieses Quiz seit der letzten Aktualisierung nicht gespielt